000 00396nam a2200133Ia 4500
008 220217s9999||||xx |||||||||||||| ||und||
020 _a978-81-7853-129-8
082 _a658.404 WIE
100 _aWiegers, Karl, E
_95358
245 0 _aPractical project initiation a hand book with tools
260 _aWP publishers
_bBangalore
_c2008
300 _b399
650 _aENGLISH GENERAL BOOKS
_9691
999 _c176273
_d176273